00474nam a22001817a 4500003000400000008004100004082001700045100002700062245006200089260003200151300000900183502001500192650003100207650001700238650000900255942001100264999001700275OSt260430b |||||||| |||| 00| 0 eng d a634.44bS33S aSharda, Durgesh Ranjan aStudies on Veneer Grafting in Mango (Mangifera Indica L.) aPusa, SamastipurbRAUc1996 a65P. bMsc.d1996 aFruit and Fruit Technology aHorticulture aMsc. 2ddccT c50321d50321